=LDR 00000nam 2200000 4500 =001 NUTBA000000000003552 =005 20251029021041 =035 ##$$a 0010-081400000000397 =008 251029###########################0#ind## =040 ##$$a NBPDMAT =082 ##$$a 372.7 =090 ##$$a 372.7 $b Dhe b =100 ##$$a Dhea Pranada MP =245 1#$$a Berhitung lebih cerdas untuk : Pra TK - KB Paud taman kanak-kanak level 1 /$c Dhea Pranada MP { s.l } =260 ##$:$b Murti Harapan =300 ##$$a 32 hlm. : $b ilus. ; $c 25 cm. =650 #4$$a Matematika - TK =850 ##$$a NBPDMAT =084 ##$$a 372.7 DHE b =990 ##$$a 21406252 =990 ##$$a 21406253 =990 ##$$a 21406254 =990 ##$$a 21406255 =990 ##$$a 21406256 =990 ##$$a 21406252 =990 ##$$a 21406253 =990 ##$$a 21406254 =990 ##$$a 21406255 =990 ##$$a 21406256 =990 ##$$a 21406255 =990 ##$$a 21406252 =990 ##$$a 21406253 =990 ##$$a 21406254 =990 ##$$a 21406256